Theory Of Education/ (Record no. 189537)

MARC details
000 -LEADER
fixed length control field 00629nam a22001937a 4500
005 - DATE AND TIME OF LATEST TRANSACTION
control field 20220816112106.0
010 ## - LCCN (DPL NO)
LC control number B-745307
020 ## - INTERNATIONAL STANDARD BOOK NUMBER
International Standard Book Number 8181030443
Terms of availability 750.00
035 ## - SYSTEM CONTROL NUMBER
System control number B-745307
037 ## - SOURCE OF ACQUISITION
Source of stock number/acquisition Seema Publishing House
100 ## - MAIN ENTRY--PERSONAL NAME
Personal name Gupta, Neetisha
245 ## - TITLE STATEMENT
Title Theory Of Education/
Statement of responsibility, etc Neetisha Gupta
250 ## - EDITION STATEMENT
Edition statement 1st
260 ## - PUBLICATION, DISTRIBUTION, ETC. (IMPRINT)
Place of publication, distribution, etc Delhi
Name of publisher, distributor, etc Seema Publishing House
Date of publication, distribution, etc 2021
270 ## - ADDRESS
Address 30/21-A,Ground Floor,Gali No.9 Vishwas Nagar,Shahdra
City Delhi
Postal code 110032
300 ## - PHYSICAL DESCRIPTION
Extent 292p.
Dimensions 22cm(hbk)
942 ## - ADDED ENTRY ELEMENTS (KOHA)
Source of classification or shelving scheme Dewey Decimal Classification
Item type English Books
Call number suffix GUP
Classification part 370.1
Holdings
Withdrawn status Lost status Not for loan Collection code Home library Current library Date acquired Source of acquisition Cost, normal purchase price Full call number Barcode Copy number Cost, replacement price Koha item type Public note
      Non-fiction Kadipur Kadipur 16/08/2022 16.8.2022/ Gift 750.00 370.1 GUP B-745307 1 750.00 English Books Gift

© Delhi Public Library
Hit Counter
free hit counter